Country + Capital = 18 - Statistics

General Stats
  • This quiz has been taken 4 times
  • The average score is 22 of 26
Answer Stats
Hint Answer % Correct
Addis Ababa
100%
Bratislava
100%
Dushanbe
100%
9;9 Ethiopia
100%
10;8 Guinea-Bissau
100%
11;7 Liechtenstein
100%
12;6 Mauritius
100%
Seychelles
100%
Singapore
100%
Singapore
100%
Slovakia
100%
Tajikistan
100%
Tashkent
100%
Uzbekistan
100%
Vaduz
100%
Bissau
75%
Paramaribo
75%
Port Louis
75%
San Marino
75%
San Marino
75%
Suriname
75%
Victoria
75%
8;10 Barbados
50%
Bridgetown
50%
Castries
50%
13;5 Saint Lucia
50%
No matching quizzes found
Score Distribution
Percent of People with Each Score
Percentile by Number Answered
Your Score History
You have not taken this quiz